00429 2200157 4500001002100000005001500021035002000036245006900056100001800125300002800143260004400171082000800215084001400223020002200237990001200259INLIS00000000000308520250930092338 a0010-09250004321 aPanduan Berinternet Sehat dan Aman Untuk Remaja /cLouie Stowell0 aLouie Stowell a152 hlm ;c15,5 x 23 cm aJakarta :bEsensi Erlangga Group,c2016 a600 a600 LOU p a978-602-6847-83-6 a0755554